000 00524nam a2200193 a 4500
001 1770713644674
003 YourLibrary
005 20260210142833.0
008 260210s1995##################000#0#eng##
020 _a9780415035217
082 0 4 _a330.941092
_bCAL.9
100 1 _aHayek, Friedrich August,
_eauthor.
245 1 0 _aContra Keynes and Cambridge :
260 _bPsychology Press,
_c1995.
300 _a269 pages
650 0 _aBusiness & Economics.
942 _cENGLISH
040 _aYourLibrary
_beng
_cYourLibrary
999 _c611400
_d611400